Estadística aplicada a la mercadotecnia (Registro nro. 1305)
[ vista simple ]
| 000 -LEADER | |
|---|---|
| fixed length control field | 00675 a2200193 4500 |
| 001 - CONTROL NUMBER | |
| control field | 25194 |
| 005 - DATE AND TIME OF LATEST TRANSACTION | |
| control field | 20260407155535.0 |
| 008 - FIXED-LENGTH DATA ELEMENTS--GENERAL INFORMATION | |
| fixed length control field | 260407a1975 arg spa d |
| 003 - CONTROL NUMBER IDENTIFIER | |
| control field | AR-UNSa-BCEJYS |
| 040 ## - CATALOGING SOURCE | |
| Original cataloging agency | AR-UNSa-BCEJYS |
| Language of cataloging | spa |
| Transcribing agency | AR-UNSa-BCEJYS |
| 080 ## - UNIVERSAL DECIMAL CLASSIFICATION NUMBER | |
| Universal Decimal Classification number | 519.2 |
| Common auxiliary subdivision | Probabilidades y estadística matemática<br/> |
| 100 1# - MAIN ENTRY--PERSONAL NAME | |
| Personal name | Proaño, Humberto |
| 245 10 - TITLE STATEMENT | |
| Title | Estadística aplicada a la mercadotecnia |
| Name of part/section of a work | (teoría y casos prácticos) |
| 264 #1 - PRODUCTION, PUBLICATION, DISTRIBUTION, MANUFACTURE, AND COPYRIGHT NOTICE | |
| Place of production, publication, distribution, manufacture | México : |
| Name of producer, publisher, distributor, manufacturer | Diana |
| Date of production, publication, distribution, manufacture, or copyright notice | 1975 |
| 300 ## - PHYSICAL DESCRIPTION | |
| Extent | 298 p. |
| Dimensions | 23 cm. |
| 505 ## - FORMATTED CONTENTS NOTE | |
| Formatted contents note | 1. Estadistica descriptiva - 2. Probabilidad - 3. Inferencia estadistica - 4. Test de significación. |
| 590 ## - LOCAL NOTE (RLIN) | |
| Local note | niveau_biblio:m niveau_hierar:0 |
| 942 ## - ADDED ENTRY ELEMENTS (KOHA) | |
| Koha item type | |
| Withdrawn status | Lost status | Damaged status | Not for loan | Home library | Current library | Shelving location | Date acquired | Total checkouts | Full call number | Barcode | Date last seen | Price effective from | Koha item type |
|---|---|---|---|---|---|---|---|---|---|---|---|---|---|
| Biblioteca Prof. Eusebio Cleto del Rey | Biblioteca Prof. Eusebio Cleto del Rey | 07/04/2026 | 519.2 P962 | L45446 | 07/04/2026 | 07/04/2026 | Libro |